Countries: After D Quiz Stats

 Plays Quiz Updated Jul 2, 2018

Also try: Countries: After C
Challenge
Share
Tweet
Embed
Score 0/14 Timer 03:00
0 Plays Today
Letter after 'D' Name of Country % Correct
EBangladesh
94.8%
AAntigua and Barbuda
88.2%
OAndorra
87.4%
-Chad
81.7%
IBurundi
80.8%
JDjibouti
78.9%
SMarshall Islands
69.4%
Letter after 'D' Name of Country % Correct
KUnited Kingdom
50.4%
TSaint Vincent and the Grenadines
40.2%
NSaint Kitts and Nevis
29.1%
BAntigua and Barbuda
27.9%
HBosnia and Herzegovina
26.8%
UHonduras
23.3%
PSão Tomé and Príncipe
22.1%

You're not logged in!

Compare scores with friends on all Sporcle quizzes.
OR
Log In

You Might Also Like...

Show Comments

Extras

Top Quizzes Today


Score Distribution

Your Account Isn't Verified!

In order to create a playlist on Sporcle, you need to verify the email address you used during registration. Go to your Sporcle Settings to finish the process.

Report this User

Report this user for behavior that violates our Community Guidelines.

Details: